[Event "DVM U16 2020"]
[Site "Willingen GER"]
[Date "2021.06.24"]
[Round "1"]
[White "Sowka, Patrick"]
[Black "Schuh, Ramon"]
[Result "1-0"]
[Termination "normal"]
[Board "3.4"]
[WhiteElo "1616"]
[BlackElo "1378"]
[WhiteClock "00:03:56"]
[BlackClock "00:00:42"]
[WhiteTeam "FC Ergolding 1932 e.V."]
[BlackTeam "FVS ASP Hoyerswerda"]
[PlyCount "53"]
[WhiteFideId "16234944"]
[BlackFideId "16215982"]
[EventCountry "GER"]
[EventRounds "7"]
[EventType "team-swiss"]
[EventDate "2021.06.23"]

1. d4 {[%clk 1:30:55]} Nf6 {[%clk 1:30:46]} 2. Nf3 {[%clk 1:31:13]} g6 {[%clk
1:30:39]} 3. Bf4 {[%clk 1:30:53]} Bg7 {[%clk 1:27:38]} 4. e3 {[%clk 1:27:36]}
d6 {[%clk 1:23:14]} 5. Bd3 {[%clk 1:25:07]} Nbd7 {[%clk 1:19:46]} 6. Nbd2
{[%clk 1:13:19]} O-O {[%clk 1:12:51]} 7. c3 {[%clk 0:57:28]} Re8 {[%clk
1:01:15]} 8. Qb3 {[%clk 0:37:25]} h6 {[%clk 0:37:36]} 9. Bxg6 {[%clk 0:30:48]}
e6 {[%clk 0:33:38]} 10. Bc2 {[%clk 0:28:50]} b6 {[%clk 0:20:28]} 11. O-O {[%clk
0:26:39]} Bb7 {[%clk 0:19:01]} 12. Rad1 {[%clk 0:17:38]} Kh8 {[%clk 0:14:12]}
13. e4 {[%clk 0:12:35]} Nh5 {[%clk 0:11:03]} 14. Bg3 {[%clk 0:10:25]} Rg8
{[%clk 0:09:01]} 15. c4 {[%clk 0:08:52]} Nxg3 {[%clk 0:04:42]} 16. fxg3 {[%clk
0:09:16]} e5 {[%clk 0:04:04]} 17. d5 {[%clk 0:07:25]} Qf6 {[%clk 0:02:58]} 18.
Nh4 {[%clk 0:05:40]} Qg5 {[%clk 0:02:06]} 19. Ndf3 {[%clk 0:04:37]} Qh5 {[%clk
0:01:29]} 20. Qe3 {[%clk 0:04:01]} Nf8 {[%clk 0:00:51]} 21. Nf5 {[%clk
0:03:22]} Bc8 {[%clk 0:00:54]} 22. Ne7 {[%clk 0:03:24]} Bd7 {[%clk 0:00:38]}
23. Nxg8 {[%clk 0:03:45]} Kxg8 {[%clk 0:00:59]} 24. Nh4 {[%clk 0:03:35]} Ng6
{[%clk 0:00:38]} 25. Nf5 {[%clk 0:03:33]} Bxf5 {[%clk 0:00:34]} 26. Rxf5 {[%clk
0:03:32]} Qg4 {[%clk 0:00:42]} 27. h3 {[%clk 0:03:56]} 1-0

[Event "DVM U16 2020"]
[Site "Willingen GER"]
[Date "2021.06.24"]
[Round "1"]
[White "Rempe, Jonas"]
[Black "Mankel, Luca"]
[Result "0-1"]
[Termination "normal"]
[Board "4.2"]
[WhiteElo "1957"]
[BlackElo "1917"]
[WhiteClock "00:28:02"]
[BlackClock "01:06:02"]
[WhiteTeam "SK Doppelbauer Kiel"]
[BlackTeam "SV Empor Berlin e.V."]
[PlyCount "115"]
[WhiteFideId "16202406"]
[BlackFideId "16253876"]
[EventCountry "GER"]
[EventRounds "7"]
[EventType "team-swiss"]
[EventDate "2021.06.23"]

1. e4 {[%clk 1:30:55]} c5 {[%clk 1:30:56]} 2. Nf3 {[%clk 1:31:21]} Nf6 {[%clk
1:31:23]} 3. Nc3 {[%clk 1:31:41]} d5 {[%clk 1:31:49]} 4. exd5 {[%clk 1:26:04]}
Nxd5 {[%clk 1:32:10]} 5. Nxd5 {[%clk 1:26:30]} Qxd5 {[%clk 1:32:35]} 6. Be2
{[%clk 1:26:52]} Nc6 {[%clk 1:32:53]} 7. O-O {[%clk 1:27:16]} g6 {[%clk
1:28:14]} 8. b3 {[%clk 1:23:30]} Bg7 {[%clk 1:27:57]} 9. c3 {[%clk 1:23:50]}
O-O {[%clk 1:28:15]} 10. Bb2 {[%clk 1:24:18]} Bf5 {[%clk 1:27:22]} 11. c4
{[%clk 1:23:29]} Qd6 {[%clk 1:27:02]} 12. Qc1 {[%clk 1:16:44]} Rad8 {[%clk
1:23:41]} 13. Bxg7 {[%clk 1:13:18]} Kxg7 {[%clk 1:23:59]} 14. Qc3+ {[%clk
1:13:43]} Nd4 {[%clk 1:22:36]} 15. Nxd4 {[%clk 1:13:49]} Qxd4 {[%clk 1:23:00]}
16. Bf3 {[%clk 1:13:15]} b6 {[%clk 1:22:17]} 17. Bd5 {[%clk 1:13:21]} Qxc3
{[%clk 1:22:23]} 18. dxc3 {[%clk 1:13:43]} e6 {[%clk 1:22:49]} 19. Bf3 {[%clk
1:14:09]} Rd2 {[%clk 1:22:20]} 20. Rfd1 {[%clk 0:48:45]} Rfd8 {[%clk 1:22:35]}
21. Kf1 {[%clk 0:32:06]} R8d3 {[%clk 1:15:40]} 22. g4 {[%clk 0:29:23]} Rb2
{[%clk 1:13:12]} 23. Be2 {[%clk 0:28:17]} Rxd1+ {[%clk 1:13:19]} 24. Rxd1
{[%clk 0:28:32]} Bc2 {[%clk 1:13:33]} 25. Rd7 {[%clk 0:18:16]} Rxa2 {[%clk
1:13:51]} 26. b4 {[%clk 0:18:39]} cxb4 {[%clk 0:58:59]} 27. cxb4 {[%clk
0:18:57]} Rb2 {[%clk 0:52:25]} 28. Rxa7 {[%clk 0:17:16]} Rxb4 {[%clk 0:52:49]}
29. f3 {[%clk 0:16:50]} g5 {[%clk 0:52:45]} 30. Rb7 {[%clk 0:17:01]} Kf6 {[%clk
0:52:59]} 31. Kf2 {[%clk 0:16:49]} Bg6 {[%clk 0:52:36]} 32. Rc7 {[%clk
0:16:47]} Ke5 {[%clk 0:42:30]} 33. c5 {[%clk 0:16:08]} b5 {[%clk 0:42:19]} 34.
Rd7 {[%clk 0:15:26]} f6 {[%clk 0:39:04]} 35. Rd8 {[%clk 0:14:25]} Rb2 {[%clk
0:37:41]} 36. c6 {[%clk 0:11:18]} Rc2 {[%clk 0:37:41]} 37. c7 {[%clk 0:10:46]}
Rxc7 {[%clk 0:38:08]} 38. Bxb5 {[%clk 0:11:12]} Kf4 {[%clk 0:33:30]} 39. Rd4+
{[%clk 0:11:34]} Ke5 {[%clk 0:33:55]} 40. Rd8 {[%clk 0:11:12]} Rb7 {[%clk
0:34:11]} 41. Be8 {[%clk 0:11:23]} Bxe8 {[%clk 0:31:33]} 42. Rxe8 {[%clk
0:11:47]} h5 {[%clk 0:32:01]} 43. h3 {[%clk 0:09:51]} h4 {[%clk 0:32:26]} 44.
Ra8 {[%clk 0:09:12]} Rb2+ {[%clk 0:32:47]} 45. Ke3 {[%clk 0:08:57]} Rh2 {[%clk
0:33:07]} 46. Ra5+ {[%clk 0:09:24]} Kd6 {[%clk 0:33:31]} 47. Ra6+ {[%clk
0:09:46]} Ke7 {[%clk 0:33:56]} 48. Ra7+ {[%clk 0:10:11]} Kf8 {[%clk 0:34:20]}
49. Ra8+ {[%clk 0:00:31]} Kf7 {[%clk 0:34:42]} 50. Ra7+ {[%clk 0:00:34]} Kg6
{[%clk 0:35:07]} 51. Re7 {[%clk 0:26:43]} e5 {[%clk 1:04:28]} 52. Re8 {[%clk
0:26:54]} Rxh3 {[%clk 1:04:46]} 53. Rg8+ {[%clk 0:27:19]} Kh7 {[%clk 1:05:09]}
54. Re8 {[%clk 0:27:20]} Rh2 {[%clk 1:05:33]} 55. Re7+ {[%clk 0:27:34]} Kg6
{[%clk 1:05:58]} 56. Re8 {[%clk 0:27:56]} Ra2 {[%clk 1:06:12]} 57. Rg8+ {[%clk
0:28:10]} Kh7 {[%clk 1:06:02]} 58. Re8 {[%clk 0:28:02]} 0-1

[Event "DVM U16 2020"]
[Site "Willingen GER"]
[Date "2021.06.24"]
[Round "1"]
[White "Breitzmann, Sander"]
[Black "Steinbach, Julian"]
[Result "1-0"]
[Termination "normal"]
[Board "4.3"]
[WhiteElo "1821"]
[BlackElo "1704"]
[WhiteClock "00:26:18"]
[BlackClock "00:48:03"]
[WhiteTeam "SV Empor Berlin e.V."]
[BlackTeam "SK Doppelbauer Kiel"]
[PlyCount "37"]
[WhiteFideId "12987085"]
[BlackFideId "16247973"]
[EventCountry "GER"]
[EventRounds "7"]
[EventType "team-swiss"]
[EventDate "2021.06.23"]

1. e4 {[%clk 1:30:56]} d6 {[%clk 1:30:40]} 2. d4 {[%clk 1:31:18]} Nf6 {[%clk
1:30:54]} 3. Nc3 {[%clk 1:31:39]} e5 {[%clk 1:30:11]} 4. dxe5 {[%clk 1:26:54]}
dxe5 {[%clk 1:29:58]} 5. Qxd8+ {[%clk 1:27:13]} Kxd8 {[%clk 1:30:17]} 6. Nf3
{[%clk 1:27:06]} Bd6 {[%clk 1:27:39]} 7. Bc4 {[%clk 1:13:34]} Ke7 {[%clk
1:17:21]} 8. Bg5 {[%clk 1:13:51]} c6 {[%clk 1:12:46]} 9. O-O-O {[%clk 1:06:17]}
h6 {[%clk 1:07:03]} 10. Bh4 {[%clk 0:59:35]} g5 {[%clk 1:02:39]} 11. Bg3 {[%clk
0:46:33]} Bg4 12. Rxd6 {[%clk 0:36:02]} Kxd6 {[%clk 0:59:53]} 13. Nxe5 {[%clk
0:35:32]} Kc5 {[%clk 0:47:53]} 14. Nd3+ {[%clk 0:26:00]} Kb6 {[%clk 0:46:32]}
15. Na4+ {[%clk 0:25:20]} Ka5 {[%clk 0:46:58]} 16. Bc7+ {[%clk 0:25:29]} Kxa4
{[%clk 0:47:20]} 17. Bb3+ {[%clk 0:25:53]} Kb5 {[%clk 0:47:42]} 18. a4+ {[%clk
0:26:18]} Ka6 {[%clk 0:48:03]} 19. Nc5# 1-0

[Event "DVM U16 2020"]
[Site "Willingen GER"]
[Date "2021.06.24"]
[Round "1"]
[White "Payes Kanders, Valentin"]
[Black "Pahl, Erik"]
[Result "0-1"]
[Termination "normal"]
[Board "5.1"]
[WhiteElo "1498"]
[BlackElo "2110"]
[WhiteClock "00:51:56"]
[BlackClock "00:53:05"]
[WhiteTeam "Schachfreunde Essen-Katernberg"]
[BlackTeam "Delmenhorster SK"]
[PlyCount "70"]
[WhiteFideId "16261046"]
[BlackFideId "16201272"]
[EventCountry "GER"]
[EventRounds "7"]
[EventType "team-swiss"]
[EventDate "2021.06.23"]

1. e4 {[%clk 1:30:57]} c5 {[%clk 1:30:53]} 2. Nf3 {[%clk 1:31:23]} d6 {[%clk
1:31:18]} 3. d4 {[%clk 1:31:51]} cxd4 {[%clk 1:31:42]} 4. Nxd4 {[%clk 1:32:14]}
Nf6 {[%clk 1:32:08]} 5. Nc3 {[%clk 1:32:38]} Bd7 {[%clk 1:32:34]} 6. Bg5 {[%clk
1:32:09]} e6 {[%clk 1:32:31]} 7. f4 {[%clk 1:31:07]} a6 {[%clk 1:32:41]} 8. Be2
{[%clk 1:29:12]} Nc6 {[%clk 1:30:46]} 9. Qd2 {[%clk 1:25:12]} Rc8 {[%clk
1:21:57]} 10. Nb3 {[%clk 1:17:18]} h6 {[%clk 1:18:58]} 11. Bh4 {[%clk 1:16:33]}
b5 {[%clk 1:08:11]} 12. Bf3 {[%clk 1:14:43]} b4 {[%clk 1:07:00]} 13. Nd1 {[%clk
1:13:27]} Nxe4 {[%clk 1:06:53]} 14. Bxd8 {[%clk 1:12:40]} Nxd2 {[%clk 1:07:17]}
15. Nxd2 {[%clk 1:11:21]} Rxd8 {[%clk 1:06:07]} 16. O-O {[%clk 1:10:58]} Be7
{[%clk 1:05:22]} 17. Kh1 {[%clk 1:10:42]} O-O {[%clk 1:05:39]} 18. a3 {[%clk
1:08:57]} a5 {[%clk 1:02:03]} 19. axb4 {[%clk 1:06:32]} axb4 {[%clk 1:02:25]}
20. Ra6 {[%clk 1:05:14]} Nd4 {[%clk 1:02:14]} 21. Be4 {[%clk 1:05:37]} Bb5
{[%clk 1:02:28]} 22. Ra7 {[%clk 1:04:22]} Bxf1 {[%clk 1:02:24]} 23. Rxe7 {[%clk
1:04:35]} d5 {[%clk 1:02:10]} 24. Nxf1 {[%clk 1:02:26]} dxe4 {[%clk 1:02:33]}
25. Nde3 {[%clk 1:02:23]} Rc8 {[%clk 1:02:49]} 26. Ng3 {[%clk 1:00:55]} Nxc2
{[%clk 1:02:35]} 27. Ng4 {[%clk 1:01:16]} Nd4 {[%clk 1:01:36]} 28. h4 {[%clk
1:01:14]} Nf5 {[%clk 0:59:18]} 29. Nxf5 {[%clk 1:01:03]} exf5 {[%clk 0:59:43]}
30. Ne3 {[%clk 1:00:58]} g6 {[%clk 0:59:52]} 31. h5 {[%clk 0:58:59]} Rfd8
{[%clk 1:00:07]} 32. hxg6 {[%clk 0:58:09]} fxg6 {[%clk 1:00:32]} 33. Re5 {[%clk
0:58:22]} Rd2 {[%clk 0:57:55]} 34. b3 {[%clk 0:55:05]} Rc3 {[%clk 0:55:00]} 35.
Nd5 {[%clk 0:51:56]} Rg3 {[%clk 0:53:05]} 0-1

[Event "DVM U16 2020"]
[Site "Willingen GER"]
[Date "2021.06.24"]
[Round "1"]
[White "Pahl, Theis"]
[Black "Zamhöfer, Luca"]
[Result "1-0"]
[Termination "normal"]
[Board "5.2"]
[WhiteElo "2123"]
[BlackElo "1766"]
[WhiteClock "00:13:54"]
[BlackClock "00:11:14"]
[WhiteTeam "Delmenhorster SK"]
[BlackTeam "Schachfreunde Essen-Katernberg"]
[PlyCount "71"]
[WhiteFideId "16201264"]
[BlackFideId "16216040"]
[EventCountry "GER"]
[EventRounds "7"]
[EventType "team-swiss"]
[EventDate "2021.06.23"]

1. e4 c5 {[%clk 1:30:52]} 2. Be2 {[%clk 1:31:20]} d6 {[%clk 1:31:10]} 3. f4
{[%clk 1:31:41]} Nf6 {[%clk 1:30:49]} 4. d3 {[%clk 1:27:03]} Nc6 {[%clk
1:30:13]} 5. Nf3 {[%clk 1:27:21]} g6 {[%clk 1:29:23]} 6. O-O {[%clk 1:27:39]}
Bg7 {[%clk 1:29:25]} 7. c3 {[%clk 1:27:56]} Bd7 {[%clk 1:28:41]} 8. Kh1 {[%clk
1:27:43]} c4 {[%clk 1:27:20]} 9. Na3 {[%clk 1:27:07]} cxd3 {[%clk 1:26:41]} 10.
Bxd3 {[%clk 1:27:32]} a6 {[%clk 1:23:49]} 11. Qe2 {[%clk 1:26:28]} Qc7 {[%clk
1:23:31]} 12. Bd2 {[%clk 1:21:55]} Rc8 {[%clk 1:20:09]} 13. Nc4 {[%clk
1:17:10]} d5 {[%clk 1:15:49]} 14. exd5 {[%clk 1:15:12]} Nxd5 {[%clk 1:12:46]}
15. Nce5 {[%clk 1:14:37]} O-O {[%clk 1:11:14]} 16. Nxc6 {[%clk 1:06:28]} Bxc6
{[%clk 1:10:18]} 17. Ne5 {[%clk 1:06:44]} b5 {[%clk 1:05:16]} 18. c4 {[%clk
1:01:35]} bxc4 {[%clk 1:02:42]} 19. Bxc4 {[%clk 1:01:52]} Bb7 {[%clk 1:01:43]}
20. Rac1 {[%clk 0:56:38]} Qd6 {[%clk 0:58:18]} 21. Rcd1 {[%clk 0:37:08]} Qc5
{[%clk 0:44:10]} 22. b3 {[%clk 0:34:51]} Rcd8 {[%clk 0:33:54]} 23. f5 {[%clk
0:29:04]} Nb6 {[%clk 0:27:03]} 24. Nxf7 {[%clk 0:17:21]} Nxc4 {[%clk 0:19:38]}
25. Nxd8 {[%clk 0:16:54]} Rxd8 {[%clk 0:19:28]} 26. bxc4 {[%clk 0:15:23]} Qc6
{[%clk 0:16:14]} 27. Qe6+ {[%clk 0:12:30]} Qxe6 {[%clk 0:13:43]} 28. fxe6
{[%clk 0:12:54]} Bf6 {[%clk 0:12:31]} 29. Ba5 {[%clk 0:12:32]} Rc8 {[%clk
0:11:19]} 30. Rd8+ {[%clk 0:12:50]} Kg7 {[%clk 0:11:24]} 31. Rxc8 {[%clk
0:13:05]} Bxc8 {[%clk 0:11:45]} 32. c5 {[%clk 0:13:06]} Bxe6 {[%clk 0:11:56]}
33. c6 {[%clk 0:13:30]} Bc8 {[%clk 0:12:13]} 34. Rb1 {[%clk 0:13:15]} Be5
{[%clk 0:11:28]} 35. c7 {[%clk 0:13:38]} Bd6 {[%clk 0:11:14]} 36. Rb8 {[%clk
0:13:54]} 1-0

[Event "DVM U16 2020"]
[Site "Willingen GER"]
[Date "2021.06.24"]
[Round "1"]
[White "Berresheim, Nils"]
[Black "Alhamid, Mohamad"]
[Result "1-0"]
[Termination "normal"]
[Board "5.3"]
[WhiteElo "1588"]
[BlackElo "1664"]
[WhiteClock "00:20:12"]
[BlackClock "00:20:27"]
[WhiteTeam "Schachfreunde Essen-Katernberg"]
[BlackTeam "Delmenhorster SK"]
[PlyCount "117"]
[WhiteFideId "16246306"]
[BlackFideId "16235665"]
[EventCountry "GER"]
[EventRounds "7"]
[EventType "team-swiss"]
[EventDate "2021.06.23"]

{[%evp 0,86,34,15,15,-11,19,25,61,59,57,58,57,57,64,1,42,19,52,22,22,14,30,39,
15,7,18,9,6,-2,46,30,67,55,49,-22,31,-54,-33,-98,-101,-107,-69,-46,-73,-52,-62,
-45,-32,-28,-26,-28,-17,-46,1,1,10,-90,61,38,146,135,144,141,385,182,445,467,
531,302,297,290,268,133,129,102,113,125,119,109,115,111,121,116,111,96,195,219,
262]} 1. d4 Nf6 2. c4 Nc6 3. Nc3 d5 4. cxd5 Nxd5 5. e4 Nxc3 6. bxc3 e5 7. Bb5
Bd7 8. d5 Ne7 9. Bxd7+ Qxd7 10. Nf3 Ng6 11. Rb1 b6 12. Be3 Bd6 13. O-O O-O 14.
c4 f5 15. Ng5 Rf6 16. exf5 Qxf5 17. Ne6 Nf8 18. Nxf8 Raxf8 19. c5 bxc5 20. Rb5
e4 21. Bxc5 c6 22. Ra5 cxd5 23. Bxa7 Rd8 24. g3 Be7 25. Be3 Rc6 26. Qb3 Qf7 27.
Rd1 Rc4 28. Bb6 Rb8 29. Rb5 d4 30. Bxd4 Rd8 31. Be3 Rdc8 32. Rb8 h6 33. Rd7 Kf8
34. Qb7 Rxb8 35. Qxb8+ Qe8 36. Qxe8+ Kxe8 37. Rd4 Rxd4 38. Bxd4 g6 39. Kf1 Kd7
40. Ke2 Ke6 41. h4 Kd5 42. Ke3 g5 43. h5 Ba3 44. Bc3 Bc1+ 45. Ke2 Kc4 46. Bd2
Bb2 47. g4 Kd5 48. a4 Bd4 49. a5 Kc6 50. Be3 Be5 51. a6 Kc7 52. Kd1 Kc6 53. Kc2
Kc7 54. Kb3 Bf4 55. Bxf4+ gxf4 56. Kc4 Kb6 57. Kd4 e3 58. fxe3 f3 59. Kd3 1-0

[Event "DVM U16 2020"]
[Site "Willingen GER"]
[Date "2021.06.24"]
[Round "1"]
[White "Wander, Dennis"]
[Black "Rasch, Lukas"]
[Result "1-0"]
[Termination "normal"]
[Board "5.4"]
[WhiteElo "1595"]
[BlackElo "1591"]
[WhiteClock "01:17:07"]
[BlackClock "01:16:16"]
[WhiteTeam "Delmenhorster SK"]
[BlackTeam "Schachfreunde Essen-Katernberg"]
[PlyCount "77"]
[WhiteFideId "16276523"]
[BlackFideId "16272072"]
[EventCountry "GER"]
[EventRounds "7"]
[EventType "team-swiss"]
[EventDate "2021.06.23"]

1. e4 c5 2. Be2 Nc6 3. f4 e6 4. Nf3 d6 5. c3 Nf6 6. d3 Be7 7. O-O a6 8. Kh1 b6
9. Be3 Bb7 10. Nbd2 e5 11. d4 cxd4 12. cxd4 exd4 13. Nxd4 Nxd4 14. Bxd4 Nxe4
15. Nxe4 Bxe4 16. Bxg7 Rg8 17. Qa4+ b5 18. Qxe4 Rxg7 19. Bf3 d5 20. Qe5 Kf8 21.
Rad1 Bf6 22. Qf5 Rb8 23. Rxd5 Qb6 24. b3 Be7 25. Rfd1 Qf2 26. Qe5 Re8 27. Re1
f6 28. Qe6 Qxa2 29. Rd7 Qb2 30. Bd5 Qc3 31. h4 Qg3 32. h5 a5 33. h6 Qh4+ 34.
Kg1 Qxh6 35. Rxe7 Rxg2+ 36. Bxg2 Rxe7 37. Qxe7+ Kg8 38. Qe8+ Kg7 39. Re7# 1-0

[Event "DVM U16 2020"]
[Site "Willingen GER"]
[Date "2021.06.24"]
[Round "1"]
[White "Liebold, Aaron"]
[Black "Sabirov, Rafael"]
[Result "1/2-1/2"]
[Termination "normal"]
[Board "6.1"]
[WhiteElo "1995"]
[BlackElo "1635"]
[WhiteClock "00:23:14"]
[BlackClock "00:28:22"]
[WhiteTeam "ESV Gera"]
[BlackTeam "Schachgemeinschaft Porz e. V."]
[PlyCount "85"]
[WhiteFideId "12997846"]
[BlackFideId "16241185"]
[EventCountry "GER"]
[EventRounds "7"]
[EventType "team-swiss"]
[EventDate "2021.06.23"]

{[%evp 0,78,34,34,62,62,62,33,33,39,66,17,18,-4,62,41,91,61,56,55,75,48,43,27,
33,37,50,34,30,7,35,5,47,20,20,-46,128,107,107,105,122,72,72,89,158,160,178,
177,220,135,140,120,174,47,31,-8,11,0,10,0,0,0,0,0,0,-113,-165,-166,-3,-189,
-20,-225,-253,-231,-90,-77,103,-66,-124,-131,-131]} 1. e4 c5 2. Nf3 e6 3. d4
cxd4 4. Nxd4 a6 5. Be3 Nf6 6. Bd3 Qc7 7. O-O d6 8. c4 Nbd7 9. Nc3 b6 10. Qe2
Bb7 11. Rac1 Be7 12. f3 h5 13. b4 h4 14. Nb3 Rc8 15. Qf2 Bd8 16. c5 bxc5 17.
bxc5 d5 18. exd5 Nxd5 19. Nxd5 Bxd5 20. Bxa6 Ra8 21. Bc4 h3 22. Bxd5 hxg2 23.
Qxg2 exd5 24. Rfe1 Kf8 25. Rc2 Ra6 26. c6 Rxc6 27. Rec1 Rc4 28. Rxc4 dxc4 29.
Nd2 c3 30. Ne4 Bf6 31. Nxf6 gxf6 32. Qg3 Ne5 33. Qf4 Rh3 34. Qb4+ Kg8 35. Rxc3
Nxf3+ 36. Kf1 Qxh2 37. Qg4+ Ng5 38. Bxg5 Qh1+ 39. Ke2 Rh2+ 40. Ke3 Qe1+ 41. Kd3
Qb1+ 42. Ke3 Qb6+ 43. Kf3 1/2-1/2

[Event "DVM U16 2020"]
[Site "Willingen GER"]
[Date "2021.06.24"]
[Round "1"]
[White "Schubert, Nikita"]
[Black "Kazimov, Alis"]
[Result "1-0"]
[Termination "normal"]
[Board "6.3"]
[WhiteElo "1917"]
[BlackElo "1341"]
[WhiteClock "00:01:35"]
[BlackClock "00:04:55"]
[WhiteTeam "ESV Gera"]
[BlackTeam "Schachgemeinschaft Porz e. V."]
[PlyCount "85"]
[WhiteFideId "16212339"]
[BlackFideId "16255348"]
[EventCountry "GER"]
[EventRounds "7"]
[EventType "team-swiss"]
[EventDate "2021.06.23"]

{[%evp 0,85,34,15,24,15,46,36,58,25,9,6,14,19,11,8,11,2,30,29,38,4,-5,0,-7,-24,
-43,-2,6,0,18,12,50,43,45,29,60,46,80,42,42,45,0,0,-7,-36,-48,-40,-4,-21,-23,
-23,-38,-38,-51,-65,-25,-40,-20,0,13,23,29,37,60,54,66,61,63,34,51,62,61,63,64,
59,101,96,99,122,199,207,245,250,354,376,448,515]} 1. d4 Nf6 2. Nf3 g6 3. c4 d5
4. g3 c6 5. Bg2 Bg7 6. O-O O-O 7. cxd5 cxd5 8. Ne5 Nbd7 9. Nc3 e6 10. Bf4 Nh5
11. Nxd7 Bxd7 12. Be3 f5 13. Qd2 f4 14. Bxf4 Nxf4 15. gxf4 Bh6 16. e3 Qh4 17.
h3 Rf5 18. Ne2 Raf8 19. Ng3 R5f7 20. a4 g5 21. fxg5 Bxg5 22. Kh2 Qh6 23. f4 Bh4
24. Nh1 Kh8 25. Rg1 Rg7 26. Bf3 Rfg8 27. Rxg7 Rxg7 28. Rg1 Rxg1 29. Kxg1 Qg6+
30. Kh2 b6 31. Bd1 a5 32. Bc2 Qg7 33. b3 Be8 34. Qc3 Bh5 35. Qc8+ Qg8 36. Qxg8+
Kxg8 37. Kg2 Bg6 38. Bxg6 hxg6 39. Nf2 Bxf2 40. Kxf2 Kf7 41. Kf3 Kf6 42. e4
dxe4+ 43. Kxe4 1-0

[Event "DVM U16 2020"]
[Site "Willingen GER"]
[Date "2021.06.24"]
[Round "1"]
[White "Kogan, Gabriel"]
[Black "Frank, Marek"]
[Result "1/2-1/2"]
[Termination "normal"]
[Board "6.4"]
[WhiteElo "1535"]
[BlackElo "1439"]
[WhiteClock "00:19:53"]
[BlackClock "00:09:55"]
[WhiteTeam "Schachgemeinschaft Porz e. V."]
[BlackTeam "ESV Gera"]
[PlyCount "139"]
[WhiteFideId "16238265"]
[BlackFideId "16239520"]
[EventCountry "GER"]
[EventRounds "7"]
[EventType "team-swiss"]
[EventDate "2021.06.23"]

1. e4 {[%clk 1:30:54]} c5 {[%clk 1:30:31]} 2. c3 {[%clk 1:31:11]} d5 {[%clk
1:30:55]} 3. exd5 Qxd5 {[%clk 1:31:13]} 4. d4 {[%clk 1:30:22]} Nc6 {[%clk
1:31:28]} 5. Nf3 {[%clk 1:30:07]} Bf5 {[%clk 1:31:15]} 6. Be2 {[%clk 1:29:39]}
Nf6 {[%clk 1:29:27]} 7. Na3 {[%clk 1:25:10]} cxd4 {[%clk 1:24:53]} 8. Nb5
{[%clk 1:18:51]} O-O-O {[%clk 1:18:57]} 9. Nbxd4 {[%clk 1:17:07]} Be4 {[%clk
1:03:44]} 10. O-O {[%clk 1:07:26]} e6 {[%clk 0:53:37]} 11. Nxc6 {[%clk
0:55:22]} Qxc6 {[%clk 0:52:10]} 12. Qb3 {[%clk 0:54:24]} Bc5 {[%clk 0:45:45]}
13. Bf4 {[%clk 0:50:21]} Qb6 {[%clk 0:38:58]} 14. Ne5 {[%clk 0:43:33]} Rhf8
{[%clk 0:36:51]} 15. Qxb6 {[%clk 0:37:43]} Bxb6 {[%clk 0:36:13]} 16. Rad1
{[%clk 0:37:12]} Nd5 {[%clk 0:34:49]} 17. Bg3 {[%clk 0:33:55]} f6 {[%clk
0:34:12]} 18. Nc4 {[%clk 0:32:54]} Bc7 {[%clk 0:34:35]} 19. Bxc7 {[%clk
0:31:14]} Kxc7 {[%clk 0:34:24]} 20. Rd4 {[%clk 0:28:36]} f5 {[%clk 0:29:15]}
21. Bd3 {[%clk 0:26:40]} Bxd3 {[%clk 0:25:44]} 22. Rxd3 {[%clk 0:25:28]} Nf4
{[%clk 0:24:38]} 23. Re3 {[%clk 0:20:30]} b5 {[%clk 0:24:02]} 24. Na3 {[%clk
0:18:33]} a6 {[%clk 0:23:34]} 25. g3 {[%clk 0:15:24]} Nh3+ {[%clk 0:23:34]} 26.
Kg2 {[%clk 0:15:28]} Ng5 {[%clk 0:23:30]} 27. Rfe1 {[%clk 0:14:09]} Rd2 {[%clk
0:16:55]} 28. R3e2 {[%clk 0:13:32]} Rd3 {[%clk 0:12:13]} 29. Nc2 {[%clk
0:11:27]} Nf3 {[%clk 0:08:21]} 30. Rc1 {[%clk 0:09:21]} Ng5 {[%clk 0:07:47]}
31. Nd4 {[%clk 0:08:15]} Kd6 {[%clk 0:06:37]} 32. h4 {[%clk 0:06:14]} e5 {[%clk
0:05:27]} 33. Nxb5+ {[%clk 0:03:40]} axb5 {[%clk 0:05:47]} 34. hxg5 {[%clk
0:04:05]} f4 {[%clk 0:05:41]} 35. gxf4 {[%clk 0:03:12]} Rxf4 {[%clk 0:05:56]}
36. Rh1 {[%clk 0:02:53]} Rg4+ {[%clk 0:05:31]} 37. Kf1 {[%clk 0:03:15]} Rxg5
{[%clk 0:04:53]} 38. Rxh7 {[%clk 0:03:22]} Rd1+ {[%clk 0:05:05]} 39. Re1 {[%clk
0:03:47]} Rd2 {[%clk 0:05:05]} 40. Re2 {[%clk 0:02:38]} Rd1+ {[%clk 0:04:27]}
41. Re1 {[%clk 0:02:47]} Rd2 {[%clk 0:04:34]} 42. Rb1 {[%clk 0:00:50]} e4
{[%clk 0:02:51]} 43. Rh8 {[%clk 0:29:28]} Kd7 {[%clk 0:28:51]} 44. Rh3 {[%clk
0:28:23]} Rf5 {[%clk 0:27:40]} 45. f3 {[%clk 0:24:32]} Rxf3+ {[%clk 0:27:41]}
46. Rxf3 {[%clk 0:24:55]} exf3 {[%clk 0:28:07]} 47. Ke1 {[%clk 0:24:53]} Rh2
{[%clk 0:28:16]} 48. Rd1+ {[%clk 0:24:49]} Ke6 {[%clk 0:27:53]} 49. Rd3 {[%clk
0:24:56]} Rxb2 {[%clk 0:25:30]} 50. Rxf3 {[%clk 0:25:11]} Rxa2 {[%clk 0:25:41]}
51. Rg3 {[%clk 0:25:10]} Kd5 {[%clk 0:25:21]} 52. Rxg7 {[%clk 0:25:27]} Kc4
{[%clk 0:25:29]} 53. Rb7 {[%clk 0:24:18]} Rb2 {[%clk 0:25:48]} 54. Rc7+ {[%clk
0:23:54]} Kd3 {[%clk 0:23:31]} 55. Rc8 {[%clk 0:22:13]} Rc2 {[%clk 0:22:38]}
56. Rc5 {[%clk 0:20:49]} Rb2 {[%clk 0:22:07]} 57. Rc8 {[%clk 0:20:54]} Re2+
{[%clk 0:19:57]} 58. Kd1 {[%clk 0:20:29]} Rh2 {[%clk 0:19:50]} 59. Ke1 {[%clk
0:20:32]} Rh5 {[%clk 0:19:13]} 60. Rc7 {[%clk 0:20:34]} Kc2 {[%clk 0:19:06]}
61. Ke2 {[%clk 0:20:22]} Re5+ {[%clk 0:18:58]} 62. Kf3 {[%clk 0:20:36]} Kb3
{[%clk 0:19:18]} 63. Kf4 {[%clk 0:20:54]} Rh5 {[%clk 0:19:42]} 64. Ke4 {[%clk
0:21:13]} Rh4+ {[%clk 0:14:38]} 65. Kd3 {[%clk 0:20:18]} Rh1 {[%clk 0:13:40]}
66. Kd4 {[%clk 0:20:21]} Rc1 {[%clk 0:12:52]} 67. Rc5 {[%clk 0:19:31]} Ka4
{[%clk 0:11:28]} 68. Rc8 {[%clk 0:19:23]} b4 {[%clk 0:09:29]} 69. Ra8+ {[%clk
0:19:42]} Kb3 {[%clk 0:09:55]} 70. cxb4 {[%clk 0:19:53]} 1/2-1/2